| 000 | 00401nam a2200145 a 4500 | ||
|---|---|---|---|
| 001 | 000031194 | ||
| 005 | 20200930062750.0 | ||
| 008 | 110614s1927 pr 000 0 spa d | ||
| 040 |
_aDO-SdBNP _bspa _cBNPHU |
||
| 100 | 1 |
_aPiñeyro, Alvarez _957666 |
|
| 245 | 1 | 0 |
_aRutas estelares / _cAlvarez Piñeyro. |
| 260 |
_aParis : _bImprenta Paris-América, _c1927. |
||
| 300 |
_a157 p. ; _c28 cm. |
||
| 049 | _aBNPD | ||
| 999 |
_c30686 _d30686 |
||